|
|
|
|
| LEADER |
00000cam a2200000 7i4500 |
| 001 |
0000000664 |
| 005 |
20000919.0 |
| 090 |
0 |
0 |
|a 324.2595
|b DUA 1994
|
| 245 |
0 |
0 |
|a 20 tahun Barisan Nasional
|
| 260 |
0 |
0 |
|a Kuala Lumpur :
|b Nusantara Pub. ,
|c 1994
|
| 300 |
|
|
|a 73 p. :
|b col. ill. ;
|c 30 cm.
|
| 500 |
0 |
0 |
|a Cover title
|
| 610 |
1 |
0 |
|a Barisan Nasional
|
| 650 |
0 |
0 |
|a Political parties
|z Malaysia
|
| 651 |
0 |
0 |
|a Malaysia
|x Politics and government
|
| 745 |
0 |
0 |
|a Dua puluh tahun Barisan Nasional
|
| 999 |
|
|
|a 0000001961
|b Monograph
|c Open Shelf
|e Default branch
|
| 999 |
|
|
|a 0000005826
|b Monograph
|c Open Shelf
|e Default branch
|